Sudoku Addict's Workbook : (Record no. 588059)

MARC details
000 -LEADER
fixed length control field 00440nam a2200181 a 4500
008 - FIXED-LENGTH DATA ELEMENTS--GENERAL INFORMATION
fixed length control field 250919s2008##################000#0#eng##
020 ## - INTERNATIONAL STANDARD BOOK NUMBER
ISBN 9781844835874
082 04 - DEWEY DECIMAL CLASSIFICATION NUMBER
Classification number 793.74
Item number STE
100 1# - MAIN ENTRY--AUTHOR NAME
Personal name Stephens, Paul,
245 10 - TITLE STATEMENT
Title Sudoku Addict's Workbook :
260 ## - PUBLICATION, DISTRIBUTION, ETC. (IMPRINT)
Name of publisher Duncan Baird,
Year of publication 2008.
300 ## - PHYSICAL DESCRIPTION
Number of Pages 208 pages
942 ## - ADDED ENTRY ELEMENTS (KOHA)
Koha item type English Books
Holdings
Withdrawn status Lost status Damaged status Not for loan Home library Current library Shelving location Date acquired Full call number Accession Number Price effective from Koha item type
        Anna Centenary Library Anna Centenary Library 6TH FLOOR, B WING 19.09.2025 793.74 STE 334499 19.09.2025 English Books

Find us on the map